Skip to main content
Your cart is empty.
Your lists
Log in to create your own lists
Your cookies
العربية
English
العربية
Home
Search
Advanced search
Authority search
About
The noble scholar, jurist, historian
His Excellency Dr. Abdul Wahhab bin Ibrahim Abu Sulaiman, may Allah have mercy on him.
He was born in Umm Al-Qura in the year 1356 AH.
Library catalog
Title
Author
Subject
ISBN
ISSN
Series
Call number
Log in to your account
×
Login:
Password:
Home
MARC view: البرق اليماني في الفتح العثماني :
Normal view
MARC view
ISBD view
البرق اليماني في الفتح العثماني : (Record no. 7524)
[
view plain
]
MARC details
000 -LEADER
fixed length control field
02243cam a2200373 i 4500
003 - CONTROL NUMBER IDENTIFIER
control field
SA-RiAUC
005 - DATE AND TIME OF LATEST TRANSACTION
control field
20250502152806.0
008 - FIXED-LENGTH DATA ELEMENTS--GENERAL INFORMATION
fixed length control field
250502s1967 su o g b 00000 ara c
040 ## - CATALOGING SOURCE
Original cataloging agency
OM-MuSQU
Language of cataloging
ara
Transcribing agency
SA-RiAUC
Description conventions
rda
043 ## - GEOGRAPHIC AREA CODE
Geographic area code
a-ye---
050 #4 - LIBRARY OF CONGRESS CALL NUMBER
Item number
N34 1967
082 04 - DEWEY DECIMAL CLASSIFICATION NUMBER
Classification number
953.09532
Assigning agency
SA-RiAUC
090 ## - LOCALLY ASSIGNED LC-TYPE CALL NUMBER (OCLC); LOCAL CALL NUMBER (RLIN)
Classification number (OCLC) (R) ; Classification number, CALL (RLIN) (NR)
953.09532
Local cutter number (OCLC) ; Book number/undivided call number, CALL (RLIN)
ن هـ ر
100 1# - MAIN ENTRY--PERSONAL NAME
Personal name
النهروالي، محمد بن أحمد بن محمد،
Dates associated with a name
توفي 988 هجري
Relator term
مؤلف.
245 12 - TITLE STATEMENT
Title
البرق اليماني في الفتح العثماني :
Remainder of title
تاريخ اليمن من القرن العاشر الهجري مع توسع في أخبار غزوات الجراكسة والعثمانيين لذلك القطر /
Statement of responsibility, etc.
تأليف قطب الدين محمد بن أحمد النهروالي الملكي ؛ أشرف على طبعه حمد الجاسر.
246 34 - VARYING FORM OF TITLE
Title proper/short title
غزوات الجراكسة والأتراك في جنوب الجزيرة المسمى البرق اليماني في الفتح العثماني
250 ## - EDITION STATEMENT
Edition statement
الطبعة الأولى.
264 #1 - PRODUCTION, PUBLICATION, DISTRIBUTION, MANUFACTURE, AND COPYRIGHT NOTICE
Place of production, publication, distribution, manufacture
الرياض :
Name of producer, publisher, distributor, manufacturer
دار اليمامة للبحث والترجمة والنشر،
Date of production, publication, distribution, manufacture, or copyright notice
1967
300 ## - PHYSICAL DESCRIPTION
Extent
80، 543 صفحة :
Other physical details
صور ؛
Dimensions
25 سم.
336 ## - CONTENT TYPE
Content type term
نص
Content type code
txt
Source
rdacontent
Materials specified
كتاب
337 ## - MEDIA TYPE
Media type term
بدون وسيط
Media type code
n
Source
rdamedia
338 ## - CARRIER TYPE
Carrier type term
مجلد
Carrier type code
nc
Source
rdacarrier
490 0# - SERIES STATEMENT
Series statement
نصوص وأبحاث جغرافية وتاريخية عن جزيرة العرب ؛
Volume/sequential designation
6
500 ## - GENERAL NOTE
General note
أشرف على طبعه حمد الجاسر.
504 ## - BIBLIOGRAPHY, ETC. NOTE
Bibliography, etc. note
يشتمل على إرجاعات ببليوجرافية.
520 0# - SUMMARY, ETC.
Summary, etc.
تاريخ اليمن في القرن العاشر الهجري، مع توسع في أخبار غزوات الجراكسة والعثمانيين لذلك القطر.
651 #7 - SUBJECT ADDED ENTRY--GEOGRAPHIC NAME
Geographic name
اليمن
General subdivision
تاريخ
Chronological subdivision
عصر صدر الإسلام، 610-661
Source of heading or term
aucsh
651 #7 - SUBJECT ADDED ENTRY--GEOGRAPHIC NAME
Geographic name
اليمن
General subdivision
تاريخ
Chronological subdivision
الحكم العثماني، 1538-1840
Source of heading or term
aucsh
651 #7 - SUBJECT ADDED ENTRY--GEOGRAPHIC NAME
Geographic name
البلاد العربية
General subdivision
تاريخ
Chronological subdivision
الحكم العثماني، 1517-1918
Source of heading or term
aucsh
700 1# - ADDED ENTRY--PERSONAL NAME
Personal name
الجاسر، حمد،
Dates associated with a name
1328-1421 هجري
Relator term
مشرف.
856 4# - ELECTRONIC LOCATION AND ACCESS
Uniform Resource Identifier
<a href="http://10.0.0.2:1101/PDF_Output.PDF16B.PDF">http://10.0.0.2:1101/PDF_Output.PDF16B.PDF</a>
942 ## - ADDED ENTRY ELEMENTS (KOHA)
Source of classification or shelving scheme
Dewey Decimal Classification
Koha item type
Books
Suppress in OPAC
No
949 ## - LOCAL PROCESSING INFORMATION (OCLC)
a
SA-JeALM
d
250502
u
mohamedma123
n
1
Holdings
Withdrawn status
Lost status
Source of classification or shelving scheme
Damaged status
Not for loan
Home library
Current library
Date acquired
Total checkouts
Full call number
Barcode
Date last seen
Price effective from
Koha item type
Dewey Decimal Classification
DR AbdElwahab Library
DR AbdElwahab Library
05/02/2025
953.09532 ن هـ ر
000012576
05/02/2025
05/02/2025
Books
Place hold
Print
Add to your cart
(remove)
Save record
BIBTEX
Dublin Core
MARCXML
MARC (non-Unicode/MARC-8)
MARC (Unicode/UTF-8)
MARC (Unicode/UTF-8, Standard)
MODS (XML)
RIS
ISBD
More searches
Search for this title in:
Other Libraries (WorldCat)
Other Databases (Google Scholar)
Online Stores (Bookfinder.com)
Open Library (openlibrary.org)
Exporting to Dublin Core...
×
Simple DC-RDF
OAI-DC
SRW-DC